01647 a2200229 45000010006000000050017000060080041000230030015000640400040000790800033001192450051001520200022002032500012002252640036002373000025002735050925002980410008012231000019012317000028012507000027012788560112013052158720260407155506.0260407a1994 arg spa dAR-UNSa-BCEJYS aAR-UNSa-BCEJYSbspacAR-UNSa-BCEJYS a330.101.542xMicroeconomía10aMicroeconomía intermediapun enfoque moderno a978-84-85855-70-4 a3a. ed. 1aBarcelona :bAntoni Boschc1994 axxii, 688 p.c23 cm. a1. Mercado - 2. La restricción presupuestaria - 3. Las preferencias - 4. La utilidad - 5. La elección - 6. La demanda - 7. Las preferencias reveladas - 8. La ecuación de slutsky - 9.La compra y la venta - 10. La elección intertemporal - 11. Los mercados de activos - 12. La incertidumbre - 13. Los activos inciertos - 14. El excedente del consumidor - 15. La demanda del mercado - 16. El equilibrio - 17. La tecnología - 18. La maximización del beneficio - 19.La minimización de los costes - 20. Las curvas de costes - 21. La oferta de la empresa - 22. La oferta de la industria - 23. El monopolio - 24. La conducta del monopolio - 25. Los mercados de factores - 26. El oligopolio - 27. La teoría de los juegos - 28. El intercambio - 29. La producción - 30. El bienestar - 31. Las externalidades - 32. Derecho y economía - 33. Los bienes públicos - 34. La información - Apéndice matemático.  aspa1 aVarian, Hal R.1 aRabasco, María Esther1 aToharia Cortés, Luis41uhttps://biblioeco.unsa.edu.ar/pmb/images/libros/Microeconomia Intermedia.jpgyImagen de portadaqimage/jpeg